| 000 | 00699nam a22002537a 4500 | ||
|---|---|---|---|
| 001 | 21755 | ||
| 003 | UA-OsUOA | ||
| 005 | 20210928221929.0 | ||
| 007 | ta | ||
| 008 | 20031213b un ||||| |||| 00| 0 ukr d | ||
| 020 | _a5-85233-014-0 | ||
| 040 |
_aUA-OsUOA _brus _cUA-OsUOA _dUA-OsUOA |
||
| 041 | _arus | ||
| 044 | _aRU | ||
| 080 | _a008(09)"652" | ||
| 090 |
_a008(09)"652" _bЗ-49 |
||
| 100 | _aЗелинский Ф. Ф. | ||
| 245 |
_aИстория античной культуры _cред. С. П. Заикин |
||
| 260 |
_aСПб _bМарс _c1995 |
||
| 300 | _a380 с. | ||
| 650 | 7 |
_a008 Цивілізація. Культура. Прогрес _2UDC |
|
| 942 |
_cBK _2udc |
||
| 955 | _a0 | ||
| 999 |
_c307962 _d307962 |
||